| 000 | 00535nam a22001697a 4500 | ||
|---|---|---|---|
| 003 | CEME | ||
| 005 | 20210628203137.0 | ||
| 008 | 210223b xxu||||| |||| 00| 0 eng d | ||
| 040 | _c. | ||
| 082 | _a621.4023 HIG | ||
| 100 |
_aTsuji, Hiroshi, Gupta, Ashwani K, Hasegawa, Toshiaki _963595 |
||
| 245 | _aHigh temperature air combustion, from energy conservation to pollution reduction | ||
| 260 |
_aNEW YORK _bCRC PRESS _c2001 |
||
| 300 | _a401P | ||
| 650 |
_aCOMBUSTION ENGINEERING, ENVIRONMENTAL PROTECTION _963596 |
||
| 942 |
_cBK _2ddc |
||
| 999 |
_c572362 _d572362 |
||